| 000 | 00853cad a22002055a 4500 | ||
|---|---|---|---|
| 001 | L154230 | ||
| 008 | 111104s20111101xxk f 000 0 eng d | ||
| 035 | _a(Sirsi) u154230 | ||
| 041 | 0 | _aeng | |
| 110 | 2 |
_aNationwide Building Society _91019 |
|
| 245 | 0 | 0 |
_aNationwide house price index _bOctober 2011 _h[electronic resource] |
| 260 | _c2011 | ||
| 490 | 0 |
_aNationwide House Price Index _vOctober 2011 |
|
| 520 | _aUnited Kingdom house prices increased by 0.4% in October 2011 and increased by 0.8% year on year. Property transaction levels remain subdued, and prices essentially flat. | ||
| 590 | _aKA | ||
| 651 | 4 |
_aUnited Kingdom _y |
|
| 690 | _aPROPERTY-RESIDENTIAL PROPERTY-RESIDENTIAL PROPERTY MARKET | ||
| 856 | 4 | 0 |
_uhttps://www.nationwide.co.uk/hpi/historical/Oct_2011.pdf _zView this item free of charge at www.nationwide.co.uk |
| 942 | _n0 | ||
| 999 |
_c112891 _d112891 |
||